000
00330nam a2200121Ia 4500
008
220216s9999 xx 000 0 und d
100
_a
Kamaruddin Abd Malek
245
0
_a
Natural rubber bearings with fabric reinforcement
650
_a
Fabric reinforcement
650
_a
Rubber engineering
700
_a
Gregory M J
942
_c
JS
999
_c
63496
_d
63496